[Event "World Amateur-ch U2000"]
[Site "Muscat"]
[Date "2023.11.07"]
[Round "6.13"]
[White "Khaled Waleed, Abdullah"]
[Black "Celik, Berkay"]
[Result "1/2-1/2"]
[WhiteElo "1743"]
[BlackElo "1927"]
[PlyCount "88"]
[EventDate "2023.11.02"]
[EventType "swiss"]
[EventRounds "9"]
[EventCountry "OMN"]
[SourceTitle "CB46_2023"]
[SourceDate "2023.11.15"]
[SourceVersion "1"]
[SourceVersionDate "2023.11.15"]
[SourceQuality "1"]

1. e4 c5 2. Nc3 Nc6 3. Bb5 Nd4 4. Nf3 Nxb5 5. Nxb5 a6 6. Nc3 d6 7. d4 cxd4 8. Qxd4 e5 9. Qb4 Nf6 10. Bg5 Be7 11. 0-0-0 d5 12. Qb3 d4 13. Nxe5 0-0 14. Bxf6 Bxf6 15. Nf3 Bg4 16. Nd5 Re8 17. Rhe1 Be5 18. h3 Bxf3 19. Qxf3 Rc8 20. Kb1 Rc4 21. Qd3 Ra4 22. f4 Bf6 23. b3 Ra5 24. g3 Rxd5 25. exd5 Rxe1 26. Rxe1 g6 27. c4 dxc3 28. d6 Qd7 29. h4 a5 30. a4 Kg7 31. Kc2 b5 32. axb5 Qa7 33. Qe3 Qb7 34. Qe2 Qd5 35. Rd1 Qf5+ 36. Kc1 Qc5 37. Kb1 a4 38. bxa4 Qb4+ 39. Kc1 Qa3+ 40. Kc2 Qxa4+ 41. Kd3 Qd4+ 42. Kc2 Qa4+ 43. Kd3 Qd4+ 44. Kc2 Qa4+ 1/2-1/2

[Event "EU-ch Amateur U2000"]
[Site "Zagreb"]
[Date "2022.08.21"]
[Round "9"]
[White "Celik, Berkay"]
[Black "Zubic, Aleksandar"]
[Result "1-0"]
[WhiteElo "1878"]
[BlackElo "1839"]
[PlyCount "117"]
[EventDate "2022.08.14"]
[EventType "swiss"]
[EventRounds "9"]
[EventCountry "CRO"]
[SourceTitle "CBM 210 Extra"]
[Source "ChessBase"]
[SourceDate "2022.11.30"]
[SourceVersion "1"]
[SourceVersionDate "2022.11.30"]
[SourceQuality "1"]

1. e4 c5 2. Nf3 Nc6 3. Bb5 e6 4. Bxc6 bxc6 5. d3 d5 6. Qe2 Nf6 7. c4 Be7 8. 0-0 0-0 9. Bg5 Re8 10. e5 Nd7 11. Bxe7 Qxe7 12. Nc3 Ba6 13. b3 f6 14. Rae1 f5 15. Qd2 h6 16. h4 Kh7 17. g3 Rad8 18. Qf4 g6 19. Qc1 Nb6 20. Qa3 Bc8 21. Kg2 dxc4 22. dxc4 Rd3 23. Qc1 Red8 24. Rd1 Qc7 25. Rxd3 Rxd3 26. Rd1 Rxd1 27. Qxd1 a5 28. Qd6 Qxd6 29. exd6 Nd7 30. Na4 e5 31. Ne1 e4 32. f3 Kg7 33. fxe4 fxe4 34. Kf2 Kf6 35. Ke3 Ke5 36. Nc2 Nf6 37. Nxc5 Kxd6 38. Kd4 Bf5 39. Ne3 h5 40. Nb7+ Kc7 41. Nxa5 Kb6 42. b4 c5+ 43. Kc3 cxb4+ 44. Kxb4 Nd7 45. Nb3 Ne5 46. c5+ Kc7 47. Nd4 Bd7 48. Nd5+ Kb7 49. Nf6 Bf5 50. Nxf5 gxf5 51. Nxh5 Kc6 52. Nf4 Nd7 53. h5 Nf6 54. h6 e3 55. Kc4 Ng4 56. h7 Ne5+ 57. Kd4 Nf7 58. Kxe3 Kxc5 59. Ng6 1-0

[Event "Manavgat Turkey Cup"]
[Site "Manavgat"]
[Date "2016.01.31"]
[Round "3"]
[White "Celik, Berkay"]
[Black "Olcum, Ahmet"]
[Result "1-0"]
[WhiteElo "1814"]
[BlackElo "2013"]
[PlyCount "75"]
[EventDate "2016.01.30"]
[EventType "swiss"]
[EventRounds "11"]
[EventCountry "TUR"]
[SourceTitle "CBM 170 Extra"]
[Source "ChessBase"]
[SourceDate "2016.02.25"]
[SourceVersion "1"]
[SourceVersionDate "2016.02.25"]
[SourceQuality "1"]

1. e4 d6 2. d4 g6 3. Nc3 Bg7 4. f4 Nf6 5. Be2 0-0 6. g4 e5 7. g5 exd4 8. gxf6 Bxf6 9. Nd5 Bh4+ 10. Kf1 c6 11. Nb4 c5 12. Nd3 Nc6 13. Nf3 Bh3+ 14. Kg1 f5 15. e5 Re8 16. exd6 Bg4 17. d7 Qxd7 18. Nfe5 Nxe5 19. Nxe5 Bxe2 20. Qxe2 Qd5 21. Qg2 Rad8 22. Qxd5+ Rxd5 23. Nf3 Bf6 24. Bd2 d3 25. c3 c4 26. Kf2 Re2+ 27. Kg3 Rb5 28. Rab1 Ra5 29. a3 Rb5 30. Rhe1 Re4 31. Kf2 Be7 32. Be3 a6 33. a4 Ra5 34. Ra1 Bd6 35. Nd2 Be7 36. Nxe4 fxe4 37. Kg2 Rf5 38. Bd2 1-0

[Event "Manavgat Turkey Cup"]
[Site "Manavgat"]
[Date "2016.01.30"]
[Round "1"]
[White "Celik, Berkay"]
[Black "Aksoz, Canturk"]
[Result "1-0"]
[WhiteElo "1814"]
[BlackElo "1545"]
[PlyCount "97"]
[EventDate "2016.01.30"]
[EventType "swiss"]
[EventRounds "11"]
[EventCountry "TUR"]
[SourceTitle "CBM 170 Extra"]
[Source "ChessBase"]
[SourceDate "2016.02.25"]
[SourceVersion "1"]
[SourceVersionDate "2016.02.25"]
[SourceQuality "1"]

1. d4 Nf6 2. Nf3 d5 3. c4 e6 4. Nc3 Nc6 5. Bg5 Be7 6. e3 0-0 7. Rc1 h6 8. Bh4 Ne4 9. Bxe7 Nxe7 10. cxd5 Nxc3 11. bxc3 exd5 12. c4 c6 13. Be2 dxc4 14. Bxc4 b5 15. Bd3 Qa5+ 16. Qd2 Qxd2+ 17. Kxd2 Bb7 18. Ne5 Rfd8 19. Rhg1 f6 20. Nf3 Nd5 21. Nh4 Nb4 22. Bb1 Nd5 23. Nf5 Kf7 24. a3 a5 25. Ba2 Kf8 26. Bxd5 Rxd5 27. e4 Rdd8 28. Ke3 Kf7 29. e5 fxe5 30. dxe5 Ra6 31. Nd6+ Rxd6 32. exd6 Ke6 33. Rgd1 Kd7 34. Rc5 Ra8 35. Re5 Re8 36. Rxe8 Kxe8 37. Kd4 c5+ 38. Kxc5 Bxg2 39. d7+ Kd8 40. Kxb5 Bh3 41. Kxa5 Bg4 42. Rd4 Bf5 43. Kb6 Bxd7 44. a4 Ke7 45. Rxd7+ Kxd7 46. Kb7 g5 47. a5 Ke6 48. a6 Kf5 49. a7 1-0

[Event "Manavgat Turkey Cup"]
[Site "Manavgat"]
[Date "2015.02.03"]
[Round "5"]
[White "Kutlu, Turgut Can"]
[Black "Celik, Berkay"]
[Result "0-1"]
[WhiteElo "1610"]
[BlackElo "1789"]
[PlyCount "92"]
[EventDate "2015.01.31"]
[EventType "swiss"]
[EventRounds "11"]
[EventCountry "TUR"]
[SourceTitle "CBM 164 Extra"]
[Source "ChessBase"]
[SourceDate "2015.03.02"]
[SourceVersion "1"]
[SourceVersionDate "2015.03.02"]
[SourceQuality "1"]

1. c4 Nf6 2. Nf3 e6 3. g3 d5 4. cxd5 exd5 5. d4 Ne4 6. Nc3 Bb4 7. Bd2 Nxd2 8. Qxd2 0-0 9. a3 Be7 10. Bg2 c6 11. 0-0 Bf5 12. Rfe1 Nd7 13. Nd1 Nf6 14. Ne3 Ne4 15. Qd1 Be6 16. Rc1 a5 17. Nd2 Qb6 18. Nxe4 dxe4 19. Bxe4 Qxb2 20. Rb1 Qxa3 21. Rxb7 Bb4 22. Nc2 Qc3 23. Nxb4 axb4 24. Qb1 Rfb8 25. Rxb8+ Rxb8 26. Bxh7+ Kh8 27. Rd1 b3 28. Be4 b2 29. Qc2 Qa3 30. Rb1 Ba2 31. Qxc6 Bxb1 32. Bxb1 Qb3 33. Qe4 g6 34. d5 Qb4 35. Qd3 Kg7 36. h4 Rc8 37. h5 Rc1+ 38. Kg2 Qe1 39. Qd4+ f6 40. h6+ Kxh6 41. Qf4+ Kg7 42. Kf3 Qc3+ 43. Bd3 b1Q 44. Qg4 Qcxd3+ 45. exd3 Qxd3+ 46. Kg2 Qf1+ 0-1

[Event "Manavgat Turkey Cup"]
[Site "Manavgat"]
[Date "2015.02.02"]
[Round "4"]
[White "Celik, Berkay"]
[Black "Gazioglu, Halit"]
[Result "0-1"]
[WhiteElo "1789"]
[BlackElo "1946"]
[PlyCount "84"]
[EventDate "2015.01.31"]
[EventType "swiss"]
[EventRounds "11"]
[EventCountry "TUR"]
[SourceTitle "CBM 164 Extra"]
[Source "ChessBase"]
[SourceDate "2015.03.02"]
[SourceVersion "1"]
[SourceVersionDate "2015.03.02"]
[SourceQuality "1"]

1. e4 e5 2. Nf3 Nc6 3. Nc3 Nf6 4. g3 Bc5 5. Bg2 d6 6. d3 a6 7. 0-0 0-0 8. h3 Ne7 9. Be3 Ng6 10. d4 exd4 11. Nxd4 c6 12. Qe2 Qc7 13. Nf5 Bxf5 14. exf5 Ne5 15. Bxc5 dxc5 16. f4 Ned7 17. g4 Rfe8 18. Qf2 Qb6 19. g5 Qxb2 20. Qf3 Qxc2 21. gxf6 Nxf6 22. Rab1 Re7 23. Rfe1 Rae8 24. Rxe7 Rxe7 25. Rd1 h6 26. Qd3 Re1+ 27. Bf1 Qxd3 28. Rxd3 Rc1 29. Kg2 Kf8 30. Be2 Rc2 31. Kf3 c4 32. Re3 b5 33. Ne4 Rxa2 34. Nc5 a5 35. h4 b4 36. Bd1 b3 37. Rc3 Rd2 38. Nxb3 cxb3 39. Bxb3 Rh2 40. Ke3 a4 41. Bc4 Rh3+ 42. Kd4 c5+ 0-1

[Event "Manavgat Turkey Cup"]
[Site "Manavgat"]
[Date "2015.02.01"]
[Round "2"]
[White "Celik, Berkay"]
[Black "Okus, Melih"]
[Result "1-0"]
[WhiteElo "1789"]
[BlackElo "2014"]
[PlyCount "93"]
[EventDate "2015.01.31"]
[EventType "swiss"]
[EventRounds "11"]
[EventCountry "TUR"]
[SourceTitle "CBM 164 Extra"]
[Source "ChessBase"]
[SourceDate "2015.03.02"]
[SourceVersion "1"]
[SourceVersionDate "2015.03.02"]
[SourceQuality "1"]

1. e4 c5 2. Nf3 Nc6 3. d4 cxd4 4. Nxd4 g6 5. c4 Bg7 6. Be3 Nf6 7. Nc3 0-0 8. Be2 a5 9. f4 d6 10. c5 dxc5 11. Nxc6 bxc6 12. Qxd8 Rxd8 13. Bxc5 Rb8 14. Bxe7 Re8 15. Bxf6 Bxf6 16. e5 Bg7 17. 0-0-0 f6 18. Bc4+ Kh8 19. Bf7 Bg4 20. Bxe8 Bxd1 21. Bd7 Bh6 22. Kxd1 fxe5 23. fxe5 Rxb2 24. e6 Bg5 25. h4 Bf6 26. Kc1 Rxg2 27. Bxc6 Rg4 28. Ne4 Be7 29. h5 gxh5 30. Rxh5 a4 31. Ra5 Rg1+ 32. Kc2 Rg2+ 33. Nd2 Re2 34. Bd7 a3 35. Kd3 Rh2 36. Re5 Kg7 37. Re2 Rh3+ 38. Kd4 h5 39. Ne4 h4 40. Rg2+ Kh6 41. Nd6 Rf3 42. Ke4 h3 43. Rh2 Rf1 44. Nf5+ Kg5 45. Nxe7 Kg4 46. Nd5 Rf4+ 47. Nxf4 1-0

[Event "Manavgat Turkey Cup"]
[Site "Manavgat"]
[Date "2015.02.01"]
[Round "3"]
[White "Karaoglan, Kivanc"]
[Black "Celik, Berkay"]
[Result "1-0"]
[WhiteElo "1925"]
[BlackElo "1789"]
[PlyCount "105"]
[EventDate "2015.01.31"]
[EventType "swiss"]
[EventRounds "11"]
[EventCountry "TUR"]
[SourceTitle "CBM 164 Extra"]
[Source "ChessBase"]
[SourceDate "2015.03.02"]
[SourceVersion "1"]
[SourceVersionDate "2015.03.02"]
[SourceQuality "1"]

1. e4 c5 2. Nf3 e6 3. d3 Nc6 4. Nbd2 d6 5. g3 g6 6. Bg2 Bg7 7. 0-0 Nge7 8. Re1 0-0 9. c3 Rb8 10. Nb3 b5 11. d4 b4 12. c4 Na5 13. Nxa5 Qxa5 14. dxc5 dxc5 15. Bf4 Rb7 16. Qe2 Rd7 17. e5 h6 18. b3 g5 19. Be3 Ng6 20. h3 Bb7 21. Rad1 Rfd8 22. Rxd7 Rxd7 23. Nd2 Bxg2 24. Kxg2 Bxe5 25. Ne4 Bd4 26. Bxd4 Rxd4 27. Nf6+ Kg7 28. Nh5+ Kf8 29. Qf3 Qd8 30. Rxe6 Rd3 31. Qf5 Qc8 32. Qxd3 Qxe6 33. Qd8+ Qe8 34. Qxe8+ Kxe8 35. Nf6+ Kd8 36. Ne4 Kc7 37. Nxc5 Kb6 38. Nd3 a5 39. Kf3 f6 40. Kg4 Ne7 41. Kh5 Kc6 42. Kxh6 Kd6 43. g4 Ke6 44. f4 gxf4 45. Nxf4+ Kf7 46. h4 Nc6 47. g5 Ne5 48. g6+ Kg8 49. Nd5 Ng4+ 50. Kh5 Ne5 51. Nxf6+ Kg7 52. Ne8+ Kf8 53. g7+ 1-0

[Event "TUR-ch"]
[Site "Antalya"]
[Date "2013.02.07"]
[Round "9"]
[White "Celik, Berkay"]
[Black "Araboga, Mesut"]
[Result "1-0"]
[WhiteElo "1590"]
[BlackElo "1778"]
[PlyCount "65"]
[EventDate "2013.02.02"]
[EventType "swiss"]
[EventRounds "11"]
[EventCountry "TUR"]
[SourceTitle "CBM 152 Extra"]
[Source "ChessBase"]
[SourceDate "2013.02.25"]
[SourceVersion "1"]
[SourceVersionDate "2013.02.25"]
[SourceQuality "1"]

1. d4 d5 2. c4 c6 3. Nc3 Nf6 4. Nf3 e6 5. Bg5 Nbd7 6. e3 Be7 7. Bd3 dxc4 8. Bxc4 b5 9. Bd3 h6 10. Bh4 Bb7 11. Rc1 a6 12. 0-0 0-0 13. a3 Rc8 14. e4 c5 15. e5 Nd5 16. Bxe7 Nxe7 17. dxc5 Bxf3 18. gxf3 Nxe5 19. Be4 Rxc5 20. f4 N5g6 21. Qf3 Nh4 22. Qe3 Rc4 23. Rfd1 Qb8 24. Rd7 Nef5 25. Qd3 Qxf4 26. Rd1 Kh7 27. Ra7 Qg4+ 28. Kh1 Rd8 29. Rg1 Rxe4 30. Qxe4 Qf3+ 31. Qxf3 Nxf3 32. Rd1 Rxd1+ 33. Nxd1 1-0

[Event "TUR-ch"]
[Site "Antalya"]
[Date "2013.02.04"]
[Round "4"]
[White "Celik, Berkay"]
[Black "Tasan, Mehmet Askin"]
[Result "1-0"]
[WhiteElo "1590"]
[BlackElo "2020"]
[PlyCount "83"]
[EventDate "2013.02.02"]
[EventType "swiss"]
[EventRounds "11"]
[EventCountry "TUR"]
[SourceTitle "CBM 152 Extra"]
[Source "ChessBase"]
[SourceDate "2013.02.25"]
[SourceVersion "1"]
[SourceVersionDate "2013.02.25"]
[SourceQuality "1"]

1. e4 d5 2. exd5 Nf6 3. c4 c6 4. d4 cxd5 5. Nc3 Nc6 6. Nf3 e6 7. Bg5 dxc4 8. Bxc4 Be7 9. d5 exd5 10. Nxd5 Nxd5 11. Qxd5 Qxd5 12. Bxd5 Nb4 13. Bb3 Bxg5 14. Nxg5 0-0 15. 0-0 h6 16. Ne4 Bd7 17. Rfd1 Bc6 18. Nc3 Rfd8 19. Bc4 a6 20. a3 Nc2 21. Rac1 Nd4 22. Kf1 Rd6 23. Ne2 Rad8 24. Nxd4 Rxd4 25. Rxd4 Rxd4 26. Bxa6 Rd2 27. b4 Ra2 28. Bc4 Rxa3 29. b5 Be8 30. Ke2 Kf8 31. Kd2 Ra5 32. Rb1 Ke7 33. Kc3 f6 34. Kb4 b6 35. Re1+ Kd8 36. Re6 Ra1 37. Rxb6 Rb1+ 38. Kc5 Rb2 39. Rd6+ Kc8 40. Re6 Bh5 41. Rc6+ Kd7 42. b6 1-0